000 00493nam a2200193Ia 4500
005 20250326141518.0
008 250326s9999 xx 000 0 und d
037 _aTextbook
040 _aFMSL
_beng
_cFMSL
041 _aeng
_2eng
084 _qFMSL
100 _aSamson Danny
245 0 _aManufacturing and operations strategy
_cSamson Danny
250 _a9th
260 _aNew York
_bNew York, Prentice Hall
_c1991
300 _a516p
942 _cTB
999 _c1290652
_d1290652